Statistics for Name That Russian Letter

Click here to take the quiz!

General Stats

  • This quiz has been taken 408 times
  • The average score is 20 of 24

Answer Stats

RussianEnglish% Correct
АA
100%
ОO
98%
СS
92%
РR
91%
ТT
90%
КK
90%
МM
90%
ПP
88%
ЭE
86%
БB
86%
ДD
86%
УU
85%
ФF
85%
НN
85%
ВV
85%
ГG
84%
ЛL
83%
ШSH
81%
ЯYA
77%
ЧCH
76%
ЗZ
73%
ЮYU
68%
ЦTS
65%
ЖZH
63%

Score Distribution

Percentile by Number Answered

Percent of People with Each Score

Your Score History

You have not taken this quiz